El patito feo y otros cuentos / Anita Ohlsson de Formoso, traducción

Збережено в:
Бібліографічні деталі
Автор: Andersen, Hans Christian
Формат: Книга
Мова:Undetermined
Опубліковано: San José, Costa Rica EDUCA 1998
Редагування:2
Предмети:
Теги: Додати тег
Немає тегів, Будьте першим, хто поставить тег для цього запису!

MARC

LEADER 00000nam a2200000Ia 4500
008 170316s9999 xx 000 0 und d
090 |a 809 A-1.2p 
100 |a Andersen, Hans Christian 
245 |a El patito feo y otros cuentos / Anita Ohlsson de Formoso, traducción 
250 |a 2 
260 |a San José, Costa Rica 
260 |b EDUCA 
260 |c 1998 
300 |a 93 páginas 
650 |a LITERATURA INFANTIL Y JUVENIL 
650 |a LITERATURA DANESA 
650 |a CUENTOS 
999 |c 20775  |d 20775 
040 |a cru BVZT 
942 |c 15 D  |h 809 A-1.2p  |2 z